Fútbol español 2025/26 - Estadísticas

Estadísticas generales
  • Esta prueba ha sido intentada 14.509 veces
    2.685 desde el último reinicio
  • La puntuación promedio es 52 de 82
Estadísticas de respuestas
Respuesta % Correcto
Barcelona
98%
Real Madrid
98%
Atlético de Madrid
96%
Betis
96%
Sevilla
95%
Valencia
94%
Real Sociedad
93%
Alavés
91%
Athletic Club
91%
Girona
91%
Oviedo
91%
Celta
90%
Getafe
90%
Espanyol
89%
Rayo Vallecano
89%
Levante
88%
Osasuna
88%
Mallorca
87%
Villarreal
87%
Elche
86%
Deportivo
85%
Las Palmas
84%
Málaga
83%
Zaragoza
82%
Racing de Santander
81%
Almería
80%
Cádiz
80%
Leganés
80%
Valladolid
80%
Granada
79%
Sporting de Gijón
78%
Albacete
76%
Tenerife
74%
Córdoba
72%
Huesca
72%
Burgos
70%
Castellón
70%
Real Madrid Castilla
70%
Cultural Leonesa
67%
Eibar
67%
Real Murcia
67%
Andorra
66%
Mirandés
66%
Real Sociedad B
66%
Ceuta
65%
Ibiza
55%
Lugo
55%
Bilbao Athletic
54%
Cartagena
54%
Racing de Ferrol
54%
Alcorcón
52%
Gimnàstic de Tarragona
51%
Hércules
51%
Sevilla Atlético
49%
Unionistas de Salamanca
48%
Atlético de Madrid B
47%
Betis Deportivo
46%
Pontevedra
46%
Villarreal B
46%
Ourense
45%
Ponferradina
45%
Celta Fortuna
44%
Mérida
43%
Eldense
42%
Teruel
42%
Zamora
42%
Sabadell
40%
Europa
39%
Guadalajara
38%
Osasuna B
37%
Arenas de Getxo
34%
Barakaldo
34%
Cacereño
34%
Real Avilés
33%
Marbella
30%
Talavera de la Reina
30%
Arenteiro
29%
Algeciras
28%
Antequera
28%
Atlético Sanluqueño
24%
Juventud de Torremolinos
24%
Tarazona
24%
No se encontraron pruebas coincidentes
Distribución de puntuación
Porcentaje de gente con cada puntuación
Porcentaje por número respondido
Historial de tus puntuaciones
No has intentado esta prueba desde el último reinicio